[Event "GER-chT U20 Girls"]
[Site "Naunhof"]
[Date "2005.12.30"]
[Round "7.4"]
[White "Hiller, Eugenia"]
[Black "Schindler, Jennyfer Stellina"]
[Result "1-0"]
[WhiteElo "1220"]
[BlackElo "872"]
[PlyCount "73"]
[EventDate "2005.12.27"]
[EventType "team-swiss"]
[EventRounds "7"]
[EventCountry "GER"]
[SourceTitle "CBM 110 Extra"]
[Source "ChessBase"]
[SourceDate "2006.03.10"]
[SourceVersion "2"]
[SourceVersionDate "2006.03.10"]
[SourceQuality "1"]

1. d4 e5 2. c3 Nc6 3. e3 d6 4. Nd2 Nf6 5. Bd3 Be7 6. Ne2 Bd7 7. 0-0 0-0 8. e4 d5 9. exd5 Nxd5 10. Nf3 f6 11. Qc2 g6 12. Bh6 f5 13. Bxf8 Qxf8 14. dxe5 Bc5 15. Qb3 Be6 16. Qxb7 Na5 17. Qa6 Bb6 18. Qb5 c6 19. Qa4 Ne7 20. Ned4 Bd5 21. b4 Nb7 22. c4 Bxf3 23. Nxf3 c5 24. Rab1 Rc8 25. bxc5 Nxc5 26. Qc2 Nxd3 27. Qxd3 Rd8 28. Qc3 Nc6 29. Rfd1 Ba5 30. Qc2 Nb4 31. Qa4 Nxa2 32. Qxa5 Rc8 33. Qxa2 Ra8 34. Rb7 a6 35. Rdd7 h6 36. c5+ Kh8 37. Rh7# 1-0

[Event "GER-chT U20 Girls"]
[Site "Naunhof"]
[Date "2005.12.27"]
[Round "1.4"]
[White "Biebinger, Eva"]
[Black "Schindler, Jennyfer Stellina"]
[Result "1-0"]
[WhiteElo "1448"]
[BlackElo "872"]
[PlyCount "131"]
[EventDate "2005.12.27"]
[EventType "team-swiss"]
[EventRounds "7"]
[EventCountry "GER"]
[SourceTitle "CBM 110 Extra"]
[Source "ChessBase"]
[SourceDate "2006.03.10"]
[SourceVersion "2"]
[SourceVersionDate "2006.03.10"]
[SourceQuality "1"]

1. c4 e5 2. Nc3 Nf6 3. g3 Bc5 4. e3 0-0 5. Bg2 Nc6 6. Nge2 d6 7. 0-0 Bd7 8. Re1 Rb8 9. d4 exd4 10. exd4 Bb4 11. Bd2 Re8 12. a3 Ba5 13. b4 Bb6 14. c5 dxc5 15. dxc5 Bxc5 16. bxc5 Bg4 17. Qc2 Bxe2 18. Nxe2 Qd7 19. Bg5 Re6 20. Rad1 Qe7 21. Bh3 Re5 22. Bxf6 Qxf6 23. Nf4 Rxe1+ 24. Rxe1 Nd4 25. Qd3 Rd8 26. Bd7 h6 27. Re8+ Rxe8 28. Bxe8 Kf8 29. Ba4 g5 30. Nd5 Qe5 31. Nxc7 Qxc5 32. Nb5 Nc6 33. Qd6+ Qxd6 34. Nxd6 Nd8 35. Kg2 Ke7 36. Nf5+ Kf6 37. Nxh6 Kg6 38. Ng4 f5 39. Ne5+ Kf6 40. f4 gxf4 41. gxf4 Ne6 42. Kg3 a6 43. Bd7 Ng7 44. Bc8 b6 45. Bxa6 Ke6 46. Nc4 Kd5 47. Nxb6+ Ke4 48. Bb7+ Ke3 49. Nd5+ Kd4 50. a4 Kc5 51. a5 Ne8 52. a6 Nd6 53. a7 Nxb7 54. a8Q Nd6 55. Qa5+ Kc6 56. Ne7+ Kd7 57. Nxf5 Nxf5+ 58. Qxf5+ Kd6 59. Kf3 Kc6 60. Qe5 Kd7 61. Qf6 Ke8 62. Qg7 Kd8 63. f5 Kc8 64. f6 Kb8 65. f7 Kc8 66. f8R# 1-0